| 000 | 00674cam a2200229u 4500 | ||
|---|---|---|---|
| 999 |
_c5484 _d5484 |
||
| 001 | 8900822 | ||
| 003 | GBCCL | ||
| 005 | 20241126110543.0 | ||
| 008 | 820219s1961 miu 000 0 eng | ||
| 010 | _a 61016236 | ||
| 040 |
_aDLC _cCarP _dDLC |
||
| 050 | 0 | 0 |
_aBS491 _b.J33 |
| 082 |
_a220.7 _bJAM |
||
| 100 | 1 |
_aJamieson, Robert, _d1802-1889. [from old catalog] _99872 |
|
| 245 | 0 | 0 | _aCommentary, practical and explanatory, on the whole Bible |
| 250 | _a[New ed.] | ||
| 260 |
_aGrand Rapids, _bZondervan Pub. House, _c1961. |
||
| 300 |
_a1591 p. _c25 cm. |
||
| 630 | 0 | 0 |
_aBible _vCommentaries. _9200 |
| 906 |
_a0 _bcbc _cpremunv _du _encip _f19 _gy-gencatlg |
||
| 942 |
_2ddc _cBK |
||